LEADER 01093nam0 22002653i 450 001 VAN00111391 005 20240806100744.450 100 $a20171019d1921 |0itac50 ba 101 $aita 102 $aIT 105 $a|||| ||||| 200 1 $aDelle obbligazioni (parte generale)$edel contratto di transazione$elezioni tenute nella R. Università di Roma nell'anno Accademico 1920-1921$fVittorio Polacco 210 $aRoma$cAthenaeum$d1921 215 $a725 p.$d25 c 300 $aTesto dattiloscritto 316 $aBiblioteca Lauria$5IT-IT-CE0105 CONSBL.900M.1196/SLP 620 $dRoma$3VANL000360 700 1$aPolacco$bVittorio$3VANV035524$0227941 712 $aAthenaeum$3VANV110935$4650 801 $aIT$bSOL$c20240906$gRICA 899 $aBIBLIOTECA DEL DIPARTIMENTO DI GIURISPRUDENZA$1IT-CE0105$2VAN00 912 $aVAN00111391 950 $aBIBLIOTECA DEL DIPARTIMENTO DI GIURISPRUDENZA$d00CONS BL.900M.1196 $e00BL 3551 SLP 20171019 Biblioteca Lauria 996 $aDelle obbligazioni (parte generale)$91521742 997 $aUNICAMPANIA